Tratado de hematología clínica / (Record no. 111064)
[ view plain ]
| 000 -LEADER | |
|---|---|
| campo de control de longitud fija | 00724nam a2200193 i 4500 |
| 001 - NÚMERO DE CONTROL | |
| campo de control | 111064 |
| 003 - IDENTIFICADOR DE NÚMERO DE CONTROL | |
| campo de control | ES-MaACL |
| 005 - FECHA Y HORA DE LA ÚLTIMA TRANSACCIÓN | |
| campo de control | 20231205205046.0 |
| 007 - CAMPO FIJO DE DESCRIPCIÓN FÍSICA--INFORMACIÓN GENERAL | |
| campo de control de longitud fija | t| |
| 008 - DATOS DE LONGITUD FIJA--INFORMACIÓN GENERAL | |
| campo de control de longitud fija | 061121s1934 sp r ||||1| spa d |
| 100 1# - ENTRADA PRINCIPAL--NOMBRE DE PERSONA | |
| Nombre de persona | Naegeli, Otto. |
| 9 (RLIN) | 155592 |
| 245 10 - MENCIÓN DEL TÍTULO | |
| Título | Tratado de hematología clínica / |
| Mención de responsabilidad, etc. | por el Dr. Otto Naegeli ; traducido de la 5ª ed. alemana corrg. y aum. por el autor y por el Dr. J. Rof Carballo ; con un prefacio del Prof. D. Gustavo Pittaluga. |
| 260 ## - PUBLICACIÓN, DISTRIBUCIÓN, ETC. | |
| Lugar de publicación, distribución, etc. | Barcelona [etc.] : |
| Nombre del editor, distribuidor, etc. | Labor, |
| Fecha de publicación, distribución, etc. | 1934. |
| 300 ## - DESCRIPCIÓN FÍSICA | |
| Extensión | XXVIII, 764 p. : |
| Otras características físicas | il ; |
| Dimensiones | 25 cm. |
| 700 1# - ENTRADA AGREGADA--NOMBRE PERSONAL | |
| Nombre de persona | Rof Carballo, Juan, |
| Fechas asociadas al nombre | 1905-1994 |
| 9 (RLIN) | 98915 |
| 700 1# - ENTRADA AGREGADA--NOMBRE PERSONAL | |
| Nombre de persona | Pittaluga, Gustavo, |
| Fechas asociadas al nombre | 1876-1956 |
| 9 (RLIN) | 155591 |
| 852 ## - LOCALIZACIÓN | |
| Ubicación | ES-MaACL |
| Número de control de estantería | E-1060 |
| Estatus retirado | Estado de pérdida | Estado de daño | No para préstamo | Biblioteca de origen | Biblioteca actual | Ubicación en estantería | Fecha de adquisición | Fuente de adquisición | Total de préstamos | Signatura topográfica completa | Código de barras | Visto por última vez | Precio de reemplazo | Tipo de ítem Koha |
|---|---|---|---|---|---|---|---|---|---|---|---|---|---|---|
| Biblioteca del Ateneo de Madrid | Biblioteca del Ateneo de Madrid | Depósito 2 | 17/01/2008 | E-1060 | 1115876 | 23/02/2023 | 23/02/2023 | Libro impreso |
